|
|
|
|
| LEADER |
00000nam0a2200000 4500 |
| 001 |
273954 |
| 005 |
20251220071622.0 |
| 035 |
|
|
|a (RuTPU)RU\TPU\book\297164
|
| 090 |
|
|
|a 273954
|
| 100 |
|
|
|a 20141030d1987 m y0rusy50 ca
|
| 101 |
0 |
|
|a rus
|
| 102 |
|
|
|a RU
|
| 105 |
|
|
|a a j 001zy
|
| 200 |
1 |
|
|a Практикум по элементоорганической химии
|e учебное пособие
|f Л. И. Ворончихина
|g Калининский государственный университет
|
| 210 |
|
|
|a Калинин
|c Изд-во Калининского гос. ун-та
|d 1987
|
| 215 |
|
|
|a 75 с.
|c ил.
|
| 320 |
|
|
|a Библиогр.: с. 74
|
| 606 |
1 |
|
|a Элементоорганические соединения
|x Химия
|2 stltpush
|3 (RuTPU)RU\TPU\subj\21138
|9 46177
|
| 610 |
1 |
|
|a синтез
|
| 610 |
1 |
|
|a получение
|
| 610 |
1 |
|
|a щелочные металлы
|
| 610 |
1 |
|
|a литийорганические соединения
|
| 610 |
1 |
|
|a идентификация
|
| 610 |
1 |
|
|a оловоорганические соединения
|
| 610 |
1 |
|
|a свинецорганические соединения
|
| 610 |
1 |
|
|a переходные металлы
|
| 610 |
1 |
|
|a производные
|
| 610 |
1 |
|
|a ацетилацетонаты
|
| 610 |
1 |
|
|a практикумы
|
| 610 |
1 |
|
|a учебные пособия
|
| 675 |
|
|
|a 547.1'1(076.5)
|v 3
|
| 700 |
|
1 |
|a Ворончихина
|b Л. И.
|g Людмила Ивановна
|
| 712 |
0 |
2 |
|7 ca
|8 rus
|a Калининский государственный университет
|c 1971-1990
|2 stltpush
|3 (RuTPU)RU\TPU\col\6821
|9 24273
|
| 801 |
|
1 |
|a RU
|b 63413507
|c 20141030
|
| 801 |
|
2 |
|a RU
|b 63413507
|c 20170117
|g RCR
|
| 942 |
|
|
|c BK
|